000 00491 a2200169 4500
999 _c6036
_d6036
020 _a9781861526199
050 _aTA351PYT2001
100 _aPytel , Andrew
_eauthor
245 _aEngineering mechanics. Statics :
_cAndrew Pytel and Jaan Kiusalaas
_bStatics /
250 _a2nd ed.
264 _aPacific Grove :
_bBrooks/Cole,
_cc1999
300 _a526p. :
500 _aincludes index
650 _aMechanics, Applied.
700 _aKiusalaas Jaan
_eauthor
942 _2lcc
_cBK
_h351
_iPYT
_kTA